Movies Quiz

Random Movies or Clickable Quiz

'Jurassic Park' Start to Finish Quiz Stats

 Plays Quiz Updated Feb 20, 2018

Challenge
Share
Tweet
Embed
Score 0/10 Timer 04:00
9 Plays Today
% Correct
???
100%
???
89.4%
???
87.1%
???
69.8%
???
45.9%
???
36%
???
34.5%
???
33.6%
???
33.4%
???
33.4%

You're not logged in!

Compare scores with friends on all Sporcle quizzes.
Join for Free
OR
Log In

You Might Also Like...

Show Comments

Extras

Top Quizzes Today


Score Distribution

Your Account Isn't Verified!

In order to create a playlist on Sporcle, you need to verify the email address you used during registration. Go to your Sporcle Settings to finish the process.

Report this User

Report this user for behavior that violates our Community Guidelines.

Details: